| 000 | 00375nam a22000977a 4500 | ||
|---|---|---|---|
| 008 | 160516b xxu||||| |||| 00| 0 eng d | ||
| 100 | _aStanley Gibbons | ||
| 245 | _aScandinavia, including Denmark, Norway, Sweden, Finland, Iceland | ||
| 260 |
_aLondon, England _bStanley Gibbons _c1971 |
||
| 650 | _aScandinavia | Catalogs and Price Lists | Denmark | Norway Sweden | Finland | Iceland | ||
| 999 |
_c2014 _d2014 |
||